Triunfos de la verdadera religión, contra los extravíos de la Razon, en el conde de Valmont.

Detalles Bibliográficos
Formato: Libro
Publicado: Murcia 1793
Materias:
Colección:Banco de datos
Acervo:Biblioteca Nacional de Antropología e Historia. Fondo Conventual
Descripción Física:t. III, 1a parte
Tema general:Apologética
Notas:Buena. XIII,6,15
LEADER 00696nam a22001930004500
035 |a 11211 
036 |a 5816 
245 1 0 |a Triunfos de la verdadera religión, contra los extravíos de la Razon, en el conde de Valmont.  |c tr. Clemente Millana 
260 |a Murcia  |b Manuel Muñíz  |c 1793 
300 |a t. III, 1a parte 
500 |a Buena. XIII,6,15 
650 1 0 |a Apologética 
949 |a B.N.A.H. 
959 |a Biblioteca Nacional de Antropología e Historia. Ciudad de México  |b CCC1 
960 |a Seminario de Morelia  |b DD56 
961 |a Casa de formación del Clero Secular  |b CS 
942 |c B.N.A.H. 
943 |g Biblioteca Nacional de Antropología e Historia. Fondo Conventual 
999 |c 1035743  |d 1035743